• 首页
  • 本馆介绍
  • 公告通知
  • 最新文献
  • 馆藏检索
  • 电子资源
  • 读者导购
  • 参考咨询
  • 我的图书馆
  • 登录
  • 详细信息显示
  • 放入我的书架
  • 预约/预借图书
  • 作者相关作品
  • 分类相关作品
  • 丛书相关作品
  • 出版社相关作品

书目信息

  • 表格格式
  • 工作单格式
  • 卡片格式
题名:
外国歌剧重唱经典
    
 
作者: 周小燕 主编 ;周枫 译编
分册: 第一集   女高音与男高音二重唱
出版信息: 北京   人民音乐出版社  2004
页数: 205页
开本: 30cm
丛书名:
单 册:
中图分类: J652.4
科图分类:
主题词: 歌剧--二重唱--歌曲--外国--选集 , 二重唱 , 歌曲 , 歌剧
电子资源:
ISBN: 7-103-02794-3
000 00757ncm0 2200253 450
001 002720115
005 20070806084847.04
010    @a7-103-02794-3@dCNY27.20
100    @a20040802d2004 em y0chiy0110 ea
101 0  @achi
102    @aCN@b110000
105    @ag z 000yy
200 1  @a外国歌剧重唱经典@9wai guo ge ju chong chang jing dian@h第一集@i女高音与男高音二重唱@f周小燕主编@g周枫译编
210    @a北京@c人民音乐出版社@d2004
215    @a205页@d30cm
606 0  @a歌剧@x二重唱@x歌曲@y外国@j选集
606 0  @a二重唱
606 0  @a歌曲
606 0  @a歌剧
690    @aJ652.4@v4
701  0 @a周小燕@9zhou xiao yan@c(女,音乐教授)@4主编
702  0 @a周枫@9zhou feng@f(1928~)@4译编
801  0 @aCN@bNLC@c20070806
905    @a10447@dJ652.4@e406:1
    
    外国歌剧重唱经典.第一集.女高音与男高音二重唱/周小燕主编/周枫译编.-北京:人民音乐出版社,2004
    205页;30cm
    
    
    ISBN 7-103-02794-3:CNY27.20
    
●
相关链接 在E读中查询图书 在五车中查询图书 在当当中查询图书 在豆瓣中查询图书


正题名:外国歌剧重唱经典     索取号:J652.4/406:1         预约/预借

序号 登录号 条形码 馆藏地/架位号 状态 备注
1 0806409   208064093   第一样本阅览室/ [索取号:J652.4/406:1] 在馆    
2 0806410   208064100   第一借阅区/ [索取号:J652.4/406:1] 在馆    
3 0806411   208064119   第一借阅区/ [索取号:J652.4/406:1] 在馆    
4 0806412   208064128   第一借阅区/ [索取号:J652.4/406:1] 在馆    
5 0806413   208064137   密集书库-音乐系/ [索取号:J652.4/406:1] 在馆    
唐山师范学院图书馆 欢迎您!
大连网信软件有限公司© 版权所有